Statistics for A-Z Hunger Games

Click here to take the quiz!

General Stats

  • This quiz has been taken 31 times
  • The average score is 11 of 26

Answer Stats

HintAnswer% Correct
BKatniss's preferred
weapon.
Bow
100%
Alast name of Katniss and
Peter's mentor.
Abernathy
83%
KMain character in the first
3 books.
Katniss Everdeen
75%
CPresident of Panem.Coriolanus Snow
71%
OColour of Katniss's backpack, 74th
hunger games.
Orange
67%
YAre ---, are ---, coming to the tree?You
67%
DDistrict that Treech
lived in
District 7
58%
GLucy ---- Baird.Gray
58%
NWhere Panem would be on a world
map.
North America
58%
FTribute from District 4
from book 2 and 3.
Finnick Odair
54%
EIt's going to be a big, big,
big day!
Effie Trinket
50%
QEvery 25 years there is a ------- -----.Quarter Quell
50%
VWhere the winners of the hunger
games get to live.
Victors Village
46%
HBlack market in District
12.
Hob
42%
SPart of D12 Katniss lives in.Seam
38%
ZWhat score would I give the hunger
games. BTW it's the best book ever.
Zillion/Zillion
38%
PDried fruit included in Katniss's
favourite food in the Capitol.
Plum
33%
TDistrict 3's produce.Technology
29%
UMadge --------.Undersee
25%
MA giant -------- killed a tribute in the
50th hunger games.
Mosquito
8%
RButcher.Rooba
8%
XMiddle name of Coriolanus's
father.
Xanthos
8%
LMentor of Facet.Livia Cardew
4%
I10th hunger games mentor
of D5 girl.
Iphigenia Moss
0%
JDied of rabies, probably a
racoon.
Jessup Diggs
0%
WJuggled by a tribute in the Monkey
House.
Walnuts
0%

Score Distribution

Percentile by Number Answered

Percent of People with Each Score

Your Score History

You have not taken this quiz